Statistics for alvin and the chipmunks

Click here to take the quiz!

General Stats

  • This quiz has been taken 189 times
  • The average score is 5 of 7

Answer Stats

HintAnswer% Correct
cheeky onealvin
100%
smart onesimon
96%
daddave
94%
cute onetheodore
91%
fashion femalebrittany
68%
smart femalejeanette
49%
cute femaleelenore
17%

Score Distribution

Percentile by Number Answered

Percent of People with Each Score

Your Score History

You have not taken this quiz